Gene control (Record no. 395258)
[ view plain ]
| 000 -LEADER | |
|---|---|
| fixed length control field | 00498 a2200205 4500 |
| 005 - DATE & TIME | |
| control field | 20260128110035.0 |
| 008 - FIXED-LENGTH DATA ELEMENTS--GENERAL INFORMATION | |
| fixed length control field | 260127b |||||||| |||| 00| 0 eng d |
| 020 ## - ISBN | |
| International Standard Book Number | 9781032465463 |
| Price | £ 86.99 |
| 040 ## - CATALOGING SOURCE | |
| Original cataloging agency | VIVEKANANDA LIBRARY |
| 082 ## - DDC NUMBER | |
| Classification number | 572.865 |
| Book Number | L342G(3) |
| 100 ## - MAIN ENTRY--PERSONAL NAME | |
| Personal name | Latchman, David S |
| 245 ## - TITLE STATEMENT | |
| Title | Gene control |
| 250 ## - EDITION STATEMENT | |
| Edition statement | 3rd |
| 260 ## - PUBLICATION, DISTRIBUTION, ETC. (IMPRINT) | |
| Name of publisher, distributor, etc | CRC Press |
| Date of publication, distribution, etc | 2025 |
| Place of publication, distribution, etc | London |
| 300 ## - PHYSICAL DESCRIPTION | |
| Pages | xx, 557 |
| 650 ## - Subject | |
| Subject | Genetics |
| 650 ## - Subject | |
| Subject | Molecular Biology |
| 700 ## - Added Entry Personal Name | |
| Added Entry Personal Name | Cheriyath, Venugopalan |
| 942 ## - ADDED ENTRY ELEMENTS (KOHA) | |
| Koha item type | Books |
| Withdrawn status | Lost status | Source of classification or shelving scheme | Damaged status | Not for loan | Location (home branch) | Sublocation or collection (holding branch) | Shelving location | Date acquired | Koha issues (times borrowed) | Koha full call number | Accession No. | Koha date last seen | Koha item type |
|---|---|---|---|---|---|---|---|---|---|---|---|---|---|
| Dewey Decimal Classification | VIVEKANANDA LIBRARY | VIVEKANANDA LIBRARY | Vivekananda Library | 17/12/2025 | 572.865 L342G(3) | 443708 | 17/12/2025 | Books |
